El seguro de desempleo
Պահպանված է:
| Ձևաչափ: | Գիրք |
|---|---|
| Լեզու: | իսպաներեն |
| Հրապարակվել է: |
Santiago
LexisNexis
2002
|
| Խորագրեր: | |
| Ցուցիչներ: |
Ավելացրեք ցուցիչ
Չկան պիտակներ, Եղեք առաջինը, ով նշում է այս գրառումը!
|
MARC
| LEADER | 00000nam a2200000 a 4500 | ||
|---|---|---|---|
| 001 | UCL4816 | ||
| 003 | CL-VaPUC | ||
| 008 | 040227e20020000CL |||||||||||||||||spa|d | ||
| 020 | |a 9562383539 | ||
| 082 | 0 | 4 | |a 344.83024 |b SEG |2 21 |
| 245 | 1 | 3 | |a El seguro de desempleo |
| 300 | |a 138 p | ||
| 942 | |c BK | ||
| 945 | |d 20040227 00:00:00 |a cmena | ||
| 260 | |a Santiago |b LexisNexis |c 2002 | ||
| 650 | 7 | |a DERECHO LABORAL |2 CL-VaPUC |9 15 | |
| 650 | 7 | |a SEGURO DE DESEMPLEO |2 CL-VaPUC |9 417044 | |
| 650 | 0 | |a Cesantía |9 474808 | |
| 650 | 7 | |a LEY 19.728 |2 CL-VaPUC |9 482472 | |
| 651 | 7 | |a CHILE |2 CL-VaPUC |9 482473 | |
| 583 | |a last modification |c 20170724 01:10:24 |k Rodrigo Vera | ||
| 999 | |c 307578 |d 307576 | ||
| 952 | |0 0 |1 0 |4 0 |6 344_830240000000000_SEG_2002 |7 0 |8 A |9 373606 |a BIBDER |b BIBDER |d 2019-11-21 |i 3928403 |o 344.83024 SEG 2002 |p 3928403 |r 2023-01-25 |w 2019-11-21 |y BK |k DER | ||